| 000 | 00796nam a2200265 4500 | ||
|---|---|---|---|
| 999 |
_c200425751 _d43674 |
||
| 001 | 598193 | ||
| 003 | TR-AnTOB | ||
| 005 | 20190322123531.0 | ||
| 008 | 730405 | eng c | ||
| 020 | _a0140430539 | ||
| 040 |
_aKent St Univ Lib _dTR-AnTOB _beng _cTR-AnTOB _erda |
||
| 041 | _aeng | ||
| 050 |
_aPR4710 _b.M3 1985 |
||
| 090 |
_aPR4710 _b.M3 1985 |
||
| 100 | 1 |
_aGaskell, Elizabeth Cleghorn, _d1810-1865 |
|
| 245 | 1 | 0 |
_aMary Barton / _cby Mrs. Gaskell. |
| 264 | 1 |
_aNew York : _bTruslove and Comba, _c[date of publication not identified] |
|
| 300 |
_a337 pages ; _c21 cm |
||
| 336 |
_atext _btxt _2rdacontent |
||
| 337 |
_aunmediated _bn _2rdamedia |
||
| 338 |
_avolume _bnc _2rdacarrier |
||
| 590 | _aDonated by Nermin Çaker. | ||
| 942 |
_2lcc _cBK |
||